书目信息 |
| 书名: | the prophecies of nostradamus | |
| 作者: | translated,edited and introduced by ERIKA CHEETHAM. | |
| 分册号: | ||
| 分册名: | 出版地: | NEW YORK : |
|
| 出版社: | berkley books | |
| 出版时间: | 1981. | |
| 页数: | 439 p. ; | |
| 开本: | 19cm. | |
| 丛书名: | ||
| 中图分类号: | ||
| 科图分类号: | ||
| 其他分类号: | B991 | |
| 主题词: | ||
| 电子资源: | ||
| 000 | 00491nam 2200157 a 4500 | |
| 001 | E0729335728 | |
| 005 | 20070720083027.17 | |
| 008 | 070720s1981 00010 eng | |
| 020 | @a0-425-05163-3. | |
| 040 | @aPFT@beng | |
| 090 | @aB991 | |
| 099 | @dB991@ex78 | |
| 245 | @athe prophecies of nostradamus :@bthe man who saw tomorrow / @ctranslated,edited and introduced by ERIKA CHEETHAM. | |
| 260 | @aNEW YORK :@bberkley books,@c1981. | |
| 300 | @a439 p. ;@c19cm. | |
| 500 | @ahistory's greatest psychic | |
| the prophecies of nostradamus : : the man who saw tomorrow / / translated,edited and introduced by ERIKA CHEETHAM.-NEW YORK : : berkley books, , 1981. |
| 439 p. ; ; 19cm. |
| history's greatest psychic |
| ISBN 0-425-05163-3. |
| ● |
| 相关链接 |
|
|
|
|
正题名:the prophecies of nostradamus
索取号:B991/x78
 
预约/预借
| 序号 | 登录号 | 条形码 | 馆藏地/架位号 | 状态 | 备注 |
| 1 | 13352 | 300133521 | 第二样本阅览室/ [索取号:B991/x78] | 在馆 |